مكتبة جامعة عجلون الوطنية

فهرس بحث المكتبة

Normal view MARC view
  • تأليف السمان، دامي مجدي؛ م،مشارك بسام محمود أبو عباس

Entry Personal Name

Number of records used in: 1

001 - CONTROL NUMBER

  • control field: 47222

003 - CONTROL NUMBER IDENTIFIER

  • control field: JO-AjAnu

005 - DATE AND TIME OF LATEST TRANSACTION

  • control field: 20230606081810.0

008 - FIXED-LENGTH DATA ELEMENTS

  • fixed length control field: 230606|| aca||aabn | a|a d

040 ## - CATALOGING SOURCE

  • Original cataloging agency: JO-AjAnu
  • Transcribing agency: JO-AjAnu

100 ## - HEADING--PERSONAL NAME

  • Personal name: تأليف السمان، دامي مجدي؛ م،مشارك بسام محمود أبو عباس

670 ## - SOURCE DATA FOUND

  • Source citation: Work cat.: (JO-AjAnu)24167: تأليف السمان، دامي مجدي؛ م،مشارك بسام محمود أبو عباس, author, دليل ضريبة الدخل 1996 وفق القانون المعدل رقم (14) لسنة 95 والمطبق اعتبارا من 1/1/1996